000 01023nam a2200241 i 4500
001 19890
003 ES-MaACL
005 20260127062522.0
007 t|
008 021025s1920 sp |||| | spa d
100 1 _aBergamín, Francisco.
_9148620
245 1 0 _aConcepto económico y jurídico de la propiedad /
_cdiscurso pronunciado por... D. Francisco Bergamín en la sesión inaugural del curso 1919-20 celebrada el 9 de noviembre de 1919.
260 _aMadrid :
_bReus,
_c1920.
300 _a40 p. ;
_c19 cm.
490 1 _aPublicaciones de la Real Academia de Jurisprudencia y Legislación ;
_v1
530 _aDisponible en formato digital.
650 0 4 _aPropiedad.
_916476
700 _aReal Academia de Jurisprudencia y Legislación de España
_9217612
830 0 _aPublicaciones de la Real Academia de Jurisprudencia y Legislación ;
_v1
_9180630
852 _aES-MaACL
_jL-5172
856 _uhttp://bdh-rd.bne.es/viewer.vm?id=0000229541&page=1
_zBiblioteca Digital Hispánica
999 _c19890
_d19890